| 000 | 01093nam a2200217 a 4500 | ||
|---|---|---|---|
| 008 | 120416s1981 ||||||||||||||||| || u | ||
| 020 | _a047127819x | ||
| 050 | _aHD 7287.7 Lew | ||
| 100 | _aLewin, A. C | ||
| 245 | 1 | 0 | _aHousing co-operatives in developing countries |
| 246 | _aa manual for self-help in low-cost housing schemes | ||
| 260 |
_aChichester _bJohn Wiley and Sons _c1981 |
||
| 300 | _axv, 170 pages : illustrations | ||
| 350 | _a0.00 | ||
| 650 | _aHOUSING, COOPERATIVE--DEVELOPING COUNTRIES | ||
| 650 | _aHOUSING, COOPERATIVE--AFRICA, SUB-SAHARAN | ||
| 650 | _aHOUSING | ||
| 995 |
_aMAIN LIBRARY OPEN ACCESS _D0.00 _e707198 _FCBU-MAIN LIBRARY (Kitwe) _H2 _I17.55 _jHD 7287.7 Lew _M2 _UAVAILABLE _WJun 29, 2006 _y004361 _ZMain Library Open Access Collection |
||
| 995 |
_aMAIN LIBRARY OPEN ACCESS _D0.00 _e708237 _FCBU-MAIN LIBRARY (Kitwe) _H1 _I17.55 _jHD 7287.7 Lew _M1 _UAVAILABLE _y004360 _ZMain Library Open Access Collection |
||
| 995 |
_aMAIN LIBRARY OPEN ACCESS _D0.00 _e708238 _FCBU-MAIN LIBRARY (Kitwe) _H3 _I17.55 _jHD 7287.7 Lew _M3 _UAVAILABLE _y004359 _ZMain Library Open Access Collection |
||
| 999 |
_c76349 _d76349 |
||